000
00299nam a22001337a 4500
008
170511b xxu||||| |||| 00| 0 eng d
020
_a
9780314181350
041
_a
eng
080
_a
34
100
_a
15
101
_a
SHJ
245
_a
ACING CONSTITUTIONAL LAW
_c
WEAVER.R.L
942
_2
udc
_c
BK
999
_c
13083
_d
13083